000 00370 a2200157 4500
001 194633
020 _a978-85-7406-638-7
040 _cMagnum
100 _aLindenbaum, Pija
240 1 0 _aPati e os lobos
_lpor
245 1 0 _aPati e os lobos
362 0 _a2014
440 1 _aCompanhia das Letrinhas
697 _aLITERATURA INFANTO-JUVENIL ESTRANGEIRA
942 _cBK
999 _c194633
_d194633